[Event "DEN-chT 2223 60th"]
[Site "Denmark"]
[Date "2023.03.26"]
[Round "9.1"]
[White "Haubro, Sigfred"]
[Black "Holst, Per"]
[Result "1/2-1/2"]
[WhiteElo "2215"]
[BlackElo "2075"]
[PlyCount "60"]
[EventDate "2022.10.29"]
[EventType "team-tourn"]
[EventRounds "9"]
[EventCountry "DEN"]
[SourceTitle "CBM 213 Extra"]
[Source "ChessBase"]
[SourceDate "2023.05.31"]
[SourceVersion "1"]
[SourceVersionDate "2023.05.31"]
[SourceQuality "1"]
[WhiteTeam "BMS"]
[BlackTeam "Nordre"]
[WhiteTeamCountry "DEN"]
[BlackTeamCountry "DEN"]

1. b3 d5 2. Bb2 Nf6 3. e3 Bg4 4. Nf3 e6 5. Be2 Be7 6. 0-0 0-0 7. d4 c5 8. Nbd2 Nc6 9. Rc1 Ne4 10. c4 Nxd2 11. Qxd2 cxd4 12. Nxd4 Bxe2 13. Qxe2 Nxd4 14. Bxd4 dxc4 15. Rxc4 Qa5 16. Rfc1 Rfd8 17. h3 e5 18. Bc5 Bf6 19. a4 h6 20. Qf3 b6 21. Bd6 Qd2 22. Bc7 Re8 23. Rd1 Qb2 24. e4 Re6 25. Qd3 Be7 26. Rb1 Qa2 27. Qd1 Bc5 28. Rc2 Qa3 29. Qd5 Rae8 30. b4 Bd4 1/2-1/2

[Event "DEN-chT 2223 60th"]
[Site "Denmark"]
[Date "2023.01.14"]
[Round "5.4"]
[White "Haubro, Sigfred"]
[Black "Brondt, Nicolai Kvist"]
[Result "1/2-1/2"]
[WhiteElo "2215"]
[BlackElo "2248"]
[PlyCount "48"]
[EventDate "2022.10.29"]
[EventType "team-tourn"]
[EventRounds "9"]
[EventCountry "DEN"]
[SourceTitle "CBM 213 Extra"]
[Source "ChessBase"]
[SourceDate "2023.05.31"]
[SourceVersion "1"]
[SourceVersionDate "2023.05.31"]
[SourceQuality "1"]
[WhiteTeam "BMS"]
[BlackTeam "Skanderborg Nordea"]
[WhiteTeamCountry "DEN"]
[BlackTeamCountry "DEN"]

1. Nf3 Nf6 2. b3 e6 3. Bb2 Be7 4. e3 c5 5. Be2 0-0 6. 0-0 b6 7. d4 Bb7 8. Nbd2 Nc6 9. a3 Rc8 10. Rc1 d5 11. Bd3 Qc7 12. Qe2 Rfd8 13. h3 Qb8 14. Rfd1 Bf8 15. dxc5 Bxc5 16. b4 Bd6 17. c4 Ne5 18. Nxe5 Bxe5 19. Bxe5 Qxe5 20. Nf3 Qd6 21. cxd5 Rxc1 22. Rxc1 Nxd5 23. Ba6 Ba8 24. Qc2 Qe7 1/2-1/2

[Event "DEN-ch cand"]
[Site "Svendborg"]
[Date "2022.04.15"]
[Round "4"]
[White "Haubro, Sigfred"]
[Black "Gjesme, Marius Enevold"]
[Result "1-0"]
[WhiteElo "2190"]
[BlackElo "1953"]
[PlyCount "97"]
[EventDate "2022.04.10"]
[EventType "swiss"]
[EventRounds "7"]
[EventCountry "DEN"]
[SourceTitle "CBM 207 Extra"]
[Source "ChessBase"]
[SourceDate "2022.05.31"]
[SourceVersion "1"]
[SourceVersionDate "2022.05.31"]
[SourceQuality "1"]

1. Nf3 Nf6 2. b3 d5 3. Bb2 Bf5 4. e3 e6 5. Be2 h6 6. 0-0 Be7 7. d4 0-0 8. Nbd2 Nbd7 9. c4 c6 10. Rc1 a5 11. Ne5 Nxe5 12. dxe5 Nd7 13. Nf3 Qb8 14. cxd5 exd5 15. Qd4 f6 16. Qh4 Rf7 17. e6 Bxe6 18. Nd4 Nf8 19. Bh5 g6 20. Nxe6 gxh5 21. Nf4 Qd6 22. Qxh5 f5 23. Rfd1 Rd8 24. Bd4 Nh7 25. Bb6 Ra8 26. Ng6 Qf6 27. Qxh6 Ba3 28. Bd4 Qe6 29. Rc2 a4 30. Qh5 axb3 31. axb3 Bd6 32. f4 Ra3 33. Rf2 b5 34. Rf3 c5 35. Bb2 Rxb3 36. Be5 Bxe5 37. Nxe5 Rg7 38. Ra1 Rb2 39. Ra8+ Nf8 40. Rg3 Rb1+ 41. Kf2 Rxg3 42. hxg3 Qf6 43. Ra6 Qg7 44. Qxf5 Rb2+ 45. Kf3 c4 46. Ra8 d4 47. Nd7 Rf2+ 48. Kxf2 dxe3+ 49. Kf3 1-0

[Event "Copenhagen Obro New Year op"]
[Site "Copenhagen"]
[Date "2019.12.30"]
[Round "7"]
[White "Vasli, Aref"]
[Black "Haubro, Sigfred"]
[Result "1-0"]
[WhiteElo "2413"]
[BlackElo "2098"]
[PlyCount "141"]
[EventDate "2019.12.27"]
[EventType "swiss"]
[EventRounds "7"]
[EventCountry "DEN"]
[SourceTitle "CBM 194 Extra"]
[Source "ChessBase"]
[SourceDate "2020.03.31"]
[SourceVersion "1"]
[SourceVersionDate "2020.03.31"]
[SourceQuality "1"]

1. e4 d5 2. exd5 Qxd5 3. Nc3 Qa5 4. Nf3 Nf6 5. Be2 g6 6. 0-0 Bg7 7. Re1 0-0 8. a4 c6 9. b4 Qc7 10. b5 a6 11. bxa6 Nxa6 12. Ba3 Re8 13. Bc4 Bg4 14. h3 Bxf3 15. Qxf3 Rad8 16. Rab1 e6 17. Qe2 Nb8 18. Rb3 Nbd7 19. Reb1 Rb8 20. d4 b6 21. Rd1 Ra8 22. Qf3 Nd5 23. Ne4 Bf8 24. Bxf8 Rxf8 25. Ra3 Kg7 26. Bf1 N5f6 27. Nxf6 Nxf6 28. c4 Rfd8 29. c5 Nd5 30. Rc1 Ra5 31. Qe4 Rda8 32. cxb6 Qxb6 33. Rb1 Qc7 34. Qc2 Qd6 35. Raa1 h5 36. Rb7 Nf6 37. Ra2 Nd5 38. Qb3 Qf4 39. Qc4 Qd6 40. Bd3 Qf4 41. g3 Qd6 42. h4 c5 43. Be4 Nf6 44. Bc2 cxd4 45. Bb3 Ne4 46. Qxe6 Qxe6 47. Bxe6 Nc5 48. Rxf7+ Kh6 49. Bd5 Rd8 50. Re2 Rd7 51. Rxd7 Nxd7 52. Bc6 d3 53. Rd2 Ne5 54. Bb7 Rxa4 55. f4 Ra1+ 56. Kg2 Ng4 57. Bf3 Rc1 58. Rxd3 Rc2+ 59. Kg1 Rc1+ 60. Kg2 Rc2+ 61. Kf1 Nh2+ 62. Ke1 Rc1+ 63. Kd2 Ra1 64. Bd1 Ra2+ 65. Bc2 Ra5 66. Rd6 Kh7 67. Rxg6 Kh8 68. Bd3 Ng4 69. Rg5 Rxg5 70. hxg5 Kg7 71. Be2 1-0

[Event "Copenhagen Obro New Year op"]
[Site "Copenhagen"]
[Date "2019.12.29"]
[Round "4"]
[White "Haubro, Sigfred"]
[Black "Nielsen, Viktor Haarmark"]
[Result "0-1"]
[WhiteElo "2098"]
[BlackElo "2291"]
[PlyCount "112"]
[EventDate "2019.12.27"]
[EventType "swiss"]
[EventRounds "7"]
[EventCountry "DEN"]
[SourceTitle "CBM 194 Extra"]
[Source "ChessBase"]
[SourceDate "2020.03.31"]
[SourceVersion "1"]
[SourceVersionDate "2020.03.31"]
[SourceQuality "1"]

1. Nf3 c5 2. c4 Nf6 3. Nc3 b6 4. e3 Bb7 5. Be2 e6 6. 0-0 Be7 7. d4 cxd4 8. Nxd4 0-0 9. Bf3 d5 10. cxd5 Nxd5 11. Bd2 Bf6 12. Nxd5 Bxd5 13. Bc3 Na6 14. e4 Bb7 15. e5 Bxf3 16. Qxf3 Be7 17. Rae1 Qd7 18. Re4 Qd5 19. Qe2 Nc5 20. Rg4 Rfd8 21. h4 Bf8 22. Qe3 Kh8 23. Nf3 Qd3 24. Qf4 Kg8 25. Ng5 Qf5 26. Qg3 Rd3 27. f3 h6 28. Nh3 Ne4 29. Qe1 Nxc3 30. bxc3 Bc5+ 31. Kh2 Re3 32. Qd1 Qxe5+ 33. f4 Qxc3 34. Qd7 Rd3 35. Qb7 Rad8 36. Nf2 Bxf2 37. Rxf2 Qe1 38. Rf3 R3d7 39. Qc6 h5 40. Rgg3 Rd1 41. Rh3 Qg1+ 42. Kg3 R1d2 43. Rh2 Qb1 44. f5 exf5 45. Rh3 Qe4 46. Qxe4 fxe4 47. Ra3 R2d3+ 48. Kf4 Rxh3 49. gxh3 Re8 50. Ke3 Re7 51. Rc3 g6 52. a4 Kg7 53. Rc6 f5 54. Rc2 Kf6 55. Rb2 Rd7 56. Rb3 Rd3+ 0-1

[Event "Copenhagen Challenge"]
[Site "Ballerup"]
[Date "2019.05.18"]
[Round "6"]
[White "Tandrup, Michael"]
[Black "Haubro, Sigfred"]
[Result "1/2-1/2"]
[WhiteElo "1982"]
[BlackElo "2109"]
[PlyCount "60"]
[EventDate "2019.05.15"]
[EventType "swiss"]
[EventRounds "9"]
[EventCountry "DEN"]
[SourceTitle "CBM 190 Extra"]
[Source "ChessBase"]
[SourceDate "2019.07.15"]
[SourceVersion "1"]
[SourceVersionDate "2019.07.15"]
[SourceQuality "1"]

1. b3 e5 2. Bb2 Nc6 3. c4 Nf6 4. e3 Be7 5. Be2 0-0 6. Nf3 e4 7. Nd4 Nb4 8. 0-0 d5 9. cxd5 Nfxd5 10. Nc3 c5 11. Ndb5 a6 12. Nxd5 Nxd5 13. Nc3 Bf6 14. Rb1 Bf5 15. Nxd5 Bxb2 16. Rxb2 Qxd5 17. f3 Rad8 18. fxe4 Bxe4 19. Bf3 Qe5 20. Qc1 Bd3 21. Rf2 b5 22. a4 Rb8 23. axb5 Rxb5 24. Qc3 Qxc3 25. dxc3 c4 26. bxc4 Bxc4 27. Rxb5 axb5 28. Rb2 Rc8 29. Kf2 g6 30. Be2 Bxe2 1/2-1/2

[Event "DEN-chT 1819 57th"]
[Site "Denmark"]
[Date "2019.01.13"]
[Round "6.1"]
[White "Vasli, Aref"]
[Black "Haubro, Sigfred"]
[Result "1-0"]
[WhiteElo "2225"]
[BlackElo "2130"]
[PlyCount "93"]
[EventDate "2018.10.27"]
[EventType "team-tourn"]
[EventRounds "9"]
[EventCountry "DEN"]
[SourceTitle "CBM 188 Extra"]
[Source "ChessBase"]
[SourceDate "2019.02.26"]
[SourceVersion "1"]
[SourceVersionDate "2019.02.26"]
[SourceQuality "1"]
[WhiteTeam "Bronshoj"]
[BlackTeam "BMS"]
[WhiteTeamCountry "DEN"]
[BlackTeamCountry "DEN"]

1. e4 d5 2. exd5 Qxd5 3. Nc3 Qa5 4. Nf3 Nf6 5. Be2 c6 6. 0-0 g6 7. Re1 Bg7 8. Bc4 e6 9. d4 0-0 10. Bd2 Qc7 11. Qc1 Nbd7 12. Bf4 Qd8 13. Bb3 b5 14. Bd6 Re8 15. a4 Nb6 16. Bc5 Bd7 17. a5 Nbd5 18. Ne5 Qc7 19. Nxd5 Nxd5 20. Re4 Rad8 21. c3 f6 22. Nxd7 Qxd7 23. Qd2 f5 24. Re2 e5 25. dxe5 Rxe5 26. Rxe5 Bxe5 27. Re1 Qc7 28. Qe3 Bxh2+ 29. Kh1 Bf4 30. Qe6+ Kg7 31. Bd4+ Kh6 32. g3 Bxg3 33. fxg3 Qxg3 34. Bxd5 Qh4+ 35. Kg2 Qg4+ 36. Kf1 Rxd5 37. Re2 Qh3+ 38. Kg1 Qg4+ 39. Rg2 Qd1+ 40. Kf2 Qd2+ 41. Kf3 Qd1+ 42. Qe2 Qh1 43. Qe3+ f4 44. Qxf4+ g5 45. Qf6+ Kh5 46. Qf7+ Kh6 47. Qg7+ 1-0

[Event "Copenhagen Obro New Year op"]
[Site "Copenhagen"]
[Date "2018.12.31"]
[Round "7"]
[White "Haubro, Sigfred"]
[Black "Vasli, Aref"]
[Result "0-1"]
[WhiteElo "2153"]
[BlackElo "2237"]
[PlyCount "116"]
[EventDate "2018.12.27"]
[EventType "swiss"]
[EventRounds "7"]
[EventCountry "DEN"]
[SourceTitle "CBM 189 Extra"]
[Source "ChessBase"]
[SourceDate "2019.06.03"]
[SourceVersion "1"]
[SourceVersionDate "2019.06.03"]
[SourceQuality "1"]

1. Nf3 g6 2. e4 Bg7 3. Be2 c5 4. d4 cxd4 5. Nxd4 Nc6 6. Nxc6 bxc6 7. 0-0 Nf6 8. Nc3 0-0 9. Bf4 d6 10. Qd2 Qb6 11. Rab1 Rd8 12. Be3 Qc7 13. Bh6 d5 14. Bxg7 Kxg7 15. exd5 cxd5 16. Nb5 Qb6 17. a4 a6 18. Nd4 e5 19. Nf3 Ne4 20. Qe1 f6 21. c4 d4 22. Nxe5 fxe5 23. Bf3 Nf6 24. Bxa8 Bf5 25. Bf3 Bxb1 26. Qxb1 Rb8 27. Qe1 Qd6 28. Qd2 e4 29. Bd1 Qc5 30. b3 a5 31. h3 Re8 32. Kh1 Qe5 33. Qb2 h5 34. b4 axb4 35. Qxb4 Rb8 36. Qa3 d3 37. a5 Rb1 38. a6 Ra1 39. Qb4 Kh6 40. Qb7 Qa5 41. Qe7 Qb6 42. Qf8+ Kh7 43. Qf7+ Kh6 44. Qf8+ Kg5 45. Kh2 h4 46. c5 Qc7+ 47. Kg1 Rxa6 48. f4+ exf3 49. Bxf3 Qe5 50. c6 Qd4+ 51. Kh1 Ra1 52. Bd1 Qe5 53. c7 Rxd1 54. Rxd1 Qxc7 55. Qa3 Ne4 56. Qc1+ Qxc1 57. Rxc1 d2 58. Rf1 Ng3+ 0-1

[Event "Oslo Sveins op 10th"]
[Site "Oslo"]
[Date "2017.06.27"]
[Round "8"]
[White "Haubro, Sigfred"]
[Black "Ingebretsen, Jens E"]
[Result "1-0"]
[WhiteElo "2175"]
[BlackElo "2014"]
[PlyCount "55"]
[EventDate "2017.06.23"]
[EventType "swiss"]
[EventRounds "9"]
[EventCountry "NOR"]
[SourceTitle "CBM 179 Extra"]
[Source "ChessBase"]
[SourceDate "2017.08.23"]
[SourceVersion "1"]
[SourceVersionDate "2017.08.23"]
[SourceQuality "1"]

1. Nf3 Nf6 2. b3 g6 3. Bb2 Bg7 4. e3 0-0 5. Be2 d6 6. d4 c5 7. 0-0 Nbd7 8. d5 b5 9. c4 Rb8 10. Bc3 Nb6 11. Nbd2 e6 12. dxe6 Bxe6 13. cxb5 Qc8 14. Rc1 Rd8 15. e4 Qb7 16. Qc2 Rbc8 17. Qb2 Nh5 18. Bxg7 Nxg7 19. Rfe1 h6 20. Bf1 Ne8 21. Nc4 Nc7 22. Na5 Qa8 23. Nc6 Re8 24. a4 Nd7 25. Qd2 d5 26. Qxh6 Nf6 27. Ng5 d4 28. e5 1-0

[Event "Copenhagen Challenge"]
[Site "Ballerup"]
[Date "2014.05.17"]
[Round "6"]
[White "Bjerre, Jonas Buhl"]
[Black "Haubro, Sigfred"]
[Result "1/2-1/2"]
[WhiteElo "1961"]
[BlackElo "2175"]
[PlyCount "36"]
[EventDate "2014.05.14"]
[EventType "swiss"]
[EventRounds "9"]
[EventCountry "DEN"]
[SourceTitle "CBM 160 Extra"]
[Source "ChessBase"]
[SourceDate "2014.07.01"]
[SourceVersion "1"]
[SourceVersionDate "2014.07.01"]
[SourceQuality "1"]

1. e4 b6 2. d4 Bb7 3. Bd3 Nf6 4. Nd2 c5 5. c3 Nc6 6. Ngf3 cxd4 7. Nxd4 Ne5 8. Bc2 Ba6 9. N2f3 Qc7 10. Bf4 Nxf3+ 11. Qxf3 e5 12. Bg3 Bc5 13. Nf5 0-0 14. Bh4 Ne8 15. Ne7+ Kh8 16. Nd5 Qb7 17. Bd3 f6 18. 0-0 Bxd3 1/2-1/2

[Event "Copenhagen Challenge"]
[Site "Ballerup"]
[Date "2014.05.14"]
[Round "1"]
[White "Haubro, Sigfred"]
[Black "Krull, Carl"]
[Result "1-0"]
[WhiteElo "2175"]
[BlackElo "1789"]
[PlyCount "93"]
[EventDate "2014.05.14"]
[EventType "swiss"]
[EventRounds "9"]
[EventCountry "DEN"]
[SourceTitle "CBM 160 Extra"]
[Source "ChessBase"]
[SourceDate "2014.07.01"]
[SourceVersion "1"]
[SourceVersionDate "2014.07.01"]
[SourceQuality "1"]

1. b4 e5 2. Bb2 Nc6 3. b5 Nd4 4. e3 Nf5 5. Bxe5 d6 6. Bb2 Be6 7. Nf3 Nge7 8. e4 Nh6 9. c4 Ng6 10. d4 f6 11. Bc1 Nf7 12. Be2 f5 13. exf5 Bxf5 14. 0-0 Be7 15. Nc3 0-0 16. Nd5 c6 17. Nxe7+ Qxe7 18. a4 Rae8 19. Bd3 Bg4 20. Bxg6 hxg6 21. h3 Bf5 22. Bf4 Qe4 23. Bg3 Qe2 24. Qb3 Bd3 25. Rac1 Qe4 26. Rfe1 Qf5 27. c5 d5 28. bxc6 bxc6 29. Qb7 Rxe1+ 30. Rxe1 Be4 31. Nd2 Nd8 32. Qxa7 Ne6 33. Nxe4 dxe4 34. Qd7 Ng5 35. Qxc6 Rf6 36. Qb5 Nf3+ 37. gxf3 exf3 38. Kh2 Qh5 39. c6 Rf5 40. c7 Rf8 41. Qxh5 gxh5 42. Bh4 Rc8 43. Bd8 Kf7 44. d5 g5 45. d6 Ra8 46. Bxg5 h4 47. d7 1-0

[Event "Oslo Sveins op 5th"]
[Site "Oslo"]
[Date "2012.06.22"]
[Round "2"]
[White "Hammer, Jon Ludvig"]
[Black "Haubro, Sigfred"]
[Result "1-0"]
[WhiteElo "2630"]
[BlackElo "2135"]
[PlyCount "59"]
[EventDate "2012.06.22"]
[EventType "swiss"]
[EventRounds "9"]
[EventCountry "NOR"]
[SourceTitle "CBM 149 Extra"]
[Source "ChessBase"]
[SourceDate "2012.08.24"]
[SourceVersion "1"]
[SourceVersionDate "2012.08.24"]
[SourceQuality "1"]

1. Nf3 d5 2. c4 e6 3. g3 f5 4. Bg2 Nf6 5. 0-0 Be7 6. d4 0-0 7. Qc2 c6 8. Nc3 Qe8 9. Bf4 Qh5 10. Rab1 Ne4 11. b4 Nd7 12. b5 g5 13. Bc1 g4 14. Ne1 Nb6 15. c5 Nxc3 16. Qxc3 Nc4 17. bxc6 bxc6 18. Rb4 Ba6 19. Nd3 Bb5 20. a4 Ba6 21. Rb3 Bd8 22. f3 gxf3 23. exf3 Ba5 24. Nb4 f4 25. Bxf4 Rxf4 26. gxf4 Rf8 27. Qe1 Qh6 28. Qg3+ Kh8 29. Nxa6 Nd2 30. Rb8 1-0

[Event "Copenhagen Challenge"]
[Site "Ballerup"]
[Date "2012.05.06"]
[Round "9"]
[White "Haubro, Sigfred"]
[Black "Bromann, Thorbjorn"]
[Result "1-0"]
[WhiteElo "2135"]
[BlackElo "2411"]
[PlyCount "91"]
[EventDate "2012.05.02"]
[EventType "swiss"]
[EventRounds "9"]
[EventCountry "DEN"]
[SourceTitle "CBM 148 Extra"]
[Source "ChessBase"]
[SourceDate "2012.06.22"]
[SourceVersion "1"]
[SourceVersionDate "2012.06.22"]
[SourceQuality "1"]

1. c4 g6 2. Nc3 Bg7 3. g3 Nf6 4. Bg2 0-0 5. Nf3 d6 6. 0-0 Nc6 7. d3 e5 8. Rb1 a5 9. b3 h6 10. a3 Be6 11. b4 axb4 12. axb4 e4 13. Ne1 exd3 14. exd3 d5 15. c5 d4 16. Ne2 Ba2 17. Rb2 Bd5 18. b5 Bxg2 19. Nxg2 Ne5 20. f4 Ned7 21. Qc2 Nd5 22. f5 g5 23. h4 Nc3 24. c6 bxc6 25. bxc6 Ne5 26. hxg5 hxg5 27. Nxc3 dxc3 28. Rb5 Bf6 29. Qe2 Nxc6 30. Bxg5 Bxg5 31. f6 Ra5 32. Rxa5 Qd4+ 33. Kh2 Nxa5 34. Rf4 Qc5 35. d4 Qd5 36. Qg4 c2 37. Ne3 c1Q 38. Nxd5 Qc2+ 39. Kg1 Rd8 40. Qxg5+ Kf8 41. Nxc7 Qd1+ 42. Kg2 Qc2+ 43. Rf2 Qe4+ 44. Kg1 Qb1+ 45. Rf1 Qg6 46. Qxg6 1-0

[Event "Copenhagen Challenge"]
[Site "Ballerup"]
[Date "2012.05.06"]
[Round "8"]
[White "Kokholm, Daniel"]
[Black "Haubro, Sigfred"]
[Result "0-1"]
[WhiteElo "1925"]
[BlackElo "2135"]
[PlyCount "88"]
[EventDate "2012.05.02"]
[EventType "swiss"]
[EventRounds "9"]
[EventCountry "DEN"]
[SourceTitle "CBM 148 Extra"]
[Source "ChessBase"]
[SourceDate "2012.06.22"]
[SourceVersion "1"]
[SourceVersionDate "2012.06.22"]
[SourceQuality "1"]

1. e4 e5 2. Bc4 d6 3. d3 Nf6 4. c3 Be7 5. f4 exf4 6. Bxf4 0-0 7. Nf3 c6 8. Bb3 Nbd7 9. Qe2 a5 10. Nbd2 a4 11. Bc2 Re8 12. h3 Nf8 13. g4 Ng6 14. Bg3 b5 15. Nd4 Qb6 16. 0-0 Be6 17. Kh2 Bf8 18. Qf3 h6 19. a3 Ra7 20. Bf2 c5 21. Nf5 Bxf5 22. gxf5 Ne5 23. Qg2 d5 24. d4 cxd4 25. cxd4 Nc4 26. Nxc4 bxc4 27. e5 Qxb2 28. Be3 Kh7 29. Rg1 Rae7 30. Bf4 Qxd4 31. Qf3 Rxe5 32. Bxe5 Rxe5 33. Rad1 Qe3 34. Qg2 Qe2 35. Bxa4 Qxg2+ 36. Rxg2 Re3 37. Bc6 Bd6+ 38. Kg1 Bc5 39. Kf1 d4 40. a4 Rxh3 41. Ra2 c3 42. a5 Ng4 43. Rc1 d3 44. Be4 d2 0-1

[Event "Copenhagen Challenge"]
[Site "Ballerup"]
[Date "2012.05.05"]
[Round "6"]
[White "Haubro, Sigfred"]
[Black "Wilbrandt, Simon Pil"]
[Result "1/2-1/2"]
[WhiteElo "2135"]
[BlackElo "1949"]
[PlyCount "85"]
[EventDate "2012.05.02"]
[EventType "swiss"]
[EventRounds "9"]
[EventCountry "DEN"]
[SourceTitle "CBM 148 Extra"]
[Source "ChessBase"]
[SourceDate "2012.06.22"]
[SourceVersion "1"]
[SourceVersionDate "2012.06.22"]
[SourceQuality "1"]

1. b4 e5 2. Bb2 Bxb4 3. Bxe5 Nf6 4. Nf3 0-0 5. e3 Re8 6. Be2 Ng4 7. Bb2 Rxe3 8. c3 Rxe2+ 9. Qxe2 Bd6 10. d4 b6 11. Nbd2 Ba6 12. c4 Qe7 13. Qxe7 Bxe7 14. 0-0 d5 15. Rfe1 Kf8 16. cxd5 Nf6 17. Rac1 Nxd5 18. Re4 Nd7 19. Ne5 N7f6 20. Ree1 Bb4 21. Rc2 Bb5 22. Ra1 Ba4 23. Nb3 a5 24. g3 Re8 25. Rac1 Ne4 26. Nc6 Bd6 27. Re2 Bb5 28. Ree1 Bxc6 29. Rxc6 Nb4 30. Rc4 b5 31. Rxb4 Bxb4 32. Re3 a4 33. Nc1 Nd6 34. Nd3 Rxe3 35. fxe3 Bd2 36. Kf2 Nc4 37. Bc1 Ba5 38. Ke2 Ke7 39. Nc5 Bb6 40. Ne4 h6 41. Kd3 f5 42. Nc3 c6 43. Nxa4 1/2-1/2